| 000 | 00825nam a2200301 a 4500 | ||
|---|---|---|---|
| 001 | vtls001648232 | ||
| 003 | NLI | ||
| 005 | 20210628142044.0 | ||
| 008 | 130205s1972 ii 000 0 kan | ||
| 020 | _cRs. 10.00 | ||
| 039 | 9 |
_y201302051802 _zVLOAD |
|
| 040 | 0 |
_aNLI _bkan _cEntertech - Kannada _eAACR2 |
|
| 041 | 0 | _akan | |
| 044 | _aii | ||
| 082 | 0 | 4 | _a133.5 |
| 100 | 1 |
_aRaman, J.V. _91091654 |
|
| 245 | 1 | 0 |
_aJyotisa Mattu Adhunika bhavanegalu / _cJ.V. Ramamurti |
| 260 |
_aBangalore : _bIBH, _c1972 |
||
| 300 |
_avii, 96 p. ; _c22 cm. |
||
| 500 | _aAstrology and modern thought | ||
| 650 | 0 |
_aAstrology _9677883 |
|
| 650 | 0 |
_aDemonology _9677884 |
|
| 887 | _a | ||
| 901 |
_a11947 _b17.07.1995 |
||
| 902 | _aKan 133.5 R 694 jm | ||
| 949 |
_AVIRTUAITEM _D10000 _X100 _6DBA000011947KAN |
||
| 942 |
_2ddc _cBKS |
||
| 999 |
_c1098103 _d1098103 |
||